Office asset repositioning (Record no. 109435)

MARC details
000 -LEADER
fixed length control field 01179cad a22002175a 4500
001 - CONTROL NUMBER
control field E147078
008 - FIXED-LENGTH DATA ELEMENTS--GENERAL INFORMATION
fixed length control field 090330s2009 xxkod f 000 0 eng d
035 ## - SYSTEM CONTROL NUMBER
System control number (Sirsi) u147078
041 0# - LANGUAGE CODE
Language code of text/sound track or separate title eng
050 04 - LIBRARY OF CONGRESS CALL NUMBER
Classification number 333.33 $2 18
110 2# - MAIN ENTRY--CORPORATE NAME
Corporate name or jurisdiction name as entry element Jones Lang LaSalle
9 (RLIN) 3755
245 00 - TITLE STATEMENT
Title Office asset repositioning
Remainder of title securing a premium position in Australia's CBD office markets
Medium [electronic resource]
260 ## - PUBLICATION, DISTRIBUTION, ETC.
Place of publication, distribution, etc. [Australia]
Name of publisher, distributor, etc. JLL
Date of publication, distribution, etc. 2009
520 ## - SUMMARY, ETC.
Summary, etc. Looks at "asset repositioning", which is defined as committing capital to major project to refurbish a building, at a point relative to the life cycle of the real estate asset, property cycle and tenant expiry profile. The aim of such refurbishment is to improve returns and guard against against future obsolescence. Evidence from the Australian market suggests that office buildings need a major refurbishment every 20-25 years if they are to remain competitive.
521 ## - TARGET AUDIENCE NOTE
Target audience note Advanced
590 ## - LOCAL NOTE (RLIN)
Local note KA
651 #4 - SUBJECT ADDED ENTRY--GEOGRAPHIC NAME
Geographic name Australia
690 ## - LOCAL SUBJECT ADDED ENTRY--TOPICAL TERM (OCLC, RLIN)
Topical term or geographic name as entry element PROPERTY-COMMERCIAL PROPERTY-COMMERCIAL PROPERTY MARKET
856 40 - ELECTRONIC LOCATION AND ACCESS
Uniform Resource Identifier <a href="https://www.joneslanglasalle.com.au">https://www.joneslanglasalle.com.au</a>
Public note View the report free of charge at www.joneslanglasalle.com.au...
942 ## - ADDED ENTRY ELEMENTS (KOHA)
Suppress in OPAC 0
Holdings
Withdrawn status Lost status Source of classification or shelving scheme Damaged status Not for loan Home library Current library Shelving location Date acquired Total Checkouts Full call number Barcode Date last seen Copy number Price effective from Koha item type
    Dewey Decimal Classification     Virtual Virtual Online 30/03/2009   ONLINE PUBLICATION 147078-2001 06/08/2019 1 06/08/2019 Book